វិធីសាស្ត្រ PGM ក្នុងការបង្កើនសមត្ថភាពដើម្បីរៀបចំគោលនយោបាយតាមវិស័យដែលឆ្លើយតបនឹងតម្រូវការយេនឌ័រ (Record no. 9936)
[ view plain ]
| 000 -LEADER | |
|---|---|
| fixed length control field | 00586nam a22001217a 4500 |
| 040 ## - CATALOGING SOURCE | |
| Transcribing agency | HS |
| 082 ## - DEWEY DECIMAL CLASSIFICATION NUMBER | |
| Classification number | 305 |
| 110 ## - MAIN ENTRY--CORPORATE NAME | |
| Corporate name or jurisdiction name as entry element | គំរោងបញ្ជ្រាបយេនឌ័រ |
| 245 ## - TITLE STATEMENT | |
| Title | វិធីសាស្ត្រ PGM ក្នុងការបង្កើនសមត្ថភាពដើម្បីរៀបចំគោលនយោបាយតាមវិស័យដែលឆ្លើយតបនឹងតម្រូវការយេនឌ័រ |
| 260 ## - PUBLICATION, DISTRIBUTION, ETC. (IMPRINT) | |
| Place of publication | Cambodia |
| Name of publisher | គំរោងបញ្ជ្រាបយេនឌ័រ |
| Year of publication | 2007 |
| 300 ## - PHYSICAL DESCRIPTION | |
| Number of Pages | 115p; |
| 942 ## - ADDED ENTRY ELEMENTS (KOHA) | |
| Koha item type | សៀវភៅភាសាអង់គ្លេស |
| 952 ## - LOCATION AND ITEM INFORMATION (KOHA) | |
| Withdrawn status [LOCAL, KOHA] | 0 |
| Permanent Location | Date acquired | Koha item type | Lost status | Shelving location | Barcode | Current Location | Full call number |
|---|---|---|---|---|---|---|---|
| Library Block C | 2016-09-15 | សៀវភៅភាសាអង់គ្លេស | C197 | RUA41615 | Library Block C | 305 គំរោងបញ្ជ្រាបយេនឌ័រ 2007 C197 |